[Event "Harrogate 4NCL op-C 27th"]
[Site "Harrogate"]
[Date "2022.01.21"]
[Round "1"]
[White "Farrow, Ian"]
[Black "Lee, Jordan"]
[Result "0-1"]
[WhiteElo "1531"]
[BlackElo "1683"]
[PlyCount "70"]
[EventDate "2022.01.21"]
[EventType "swiss"]
[EventRounds "5"]
[EventCountry "ENG"]
[SourceTitle "CBM 206 Extra"]
[Source "ChessBase"]
[SourceDate "2022.03.31"]
[SourceVersion "1"]
[SourceVersionDate "2022.03.31"]
[SourceQuality "1"]

1. e4 c6 2. d4 d5 3. e5 Bf5 4. Nf3 e6 5. Be2 c5 6. 0-0 Nc6 7. c3 cxd4 8. cxd4 Qb6 9. Nc3 Nge7 10. Na4 Qc7 11. Be3 Bg6 12. Rc1 Nf5 13. Bf4 Bh5 14. Bb5 Bxf3 15. gxf3 Be7 16. Rc2 0-0 17. Bxc6 bxc6 18. Qd3 Rfc8 19. Bg3 Qa5 20. Nc3 c5 21. Nxd5 cxd4 22. Rxc8+ Rxc8 23. Nxe7+ Nxe7 24. Qxd4 Rd8 25. Qc4 Rc8 26. Qb3 Nd5 27. f4 g6 28. f3 Qd2 29. Rf2 Rc1+ 30. Kg2 Nxf4+ 31. Bxf4 Qxf4 32. Qb8+ Kg7 33. Qd6 Qg5+ 34. Kh3 Rg1 35. Qd4 Qf5+ 0-1